000 00779nam a22002417a 4500
005 20170124105914.0
010 _aA-716374
020 _c00
_a8170188210
035 _aA-716374
037 _bCen Lib/Ret
040 _aDPL
_bEN
082 _a304.64
_bAZU
100 _aAzuh, Dominic E.
_91887
245 _aChild servival under threat :
_cby Dominic E. Azuh
_ba cross sectional study in india /
246 _b
260 _bB. R. Publishing Corporation
_c1994
_aNew Delhi
270 _bNew Delhi
_a1, Ansari Road Dariya Ganj
_e110002
300 _axxx, 165p.:
_c20cm(Hb)
_bill.
500 _aincludes bibliographical references and index
650 _aChild Moralities
_91888
650 _aEcological Factors
_91889
942 _2ddc
_cEN
_h304.64
_mAZU
999 _c122717
_d122717